Autrices francophones par image - Statistiques

Statistiques générales
  • Ce quiz a été pris 15 fois
  • Le résultat moyen est 9 sur 16
Statistiques - réponses
Par images Réponse % Correct
Amélie Nothomb
93%
George Sand
93%
Marguerite Duras
93%
Annie Ernaux
86%
Colette
86%
Simone de Beauvoir
86%
Leïla Slimani
79%
Marguerite Yourcenar
79%
Virginie Despentes
71%
Madame de Sévigné
50%
Maryse Condé
29%
Pénélope Bagieu
21%
Virginie Grimaldi
21%
Fatou Diome
14%
Mélissa Da Costa
14%
Djaïli Amadou Amal
7%
Aucun quiz correspondant
Distribution des résultats
% des personnes avec chaque résultat
Percentile par nombre de réponses
Votre historique - résultats
Vous n’avez pas pris ce quiz